000 00290 a2200121 4500
000 nam a22 7a 4500
005 20260219052354.0
020 _a9788119989607
100 _aRajendra Yadav
_91116204
245 _aMantra-Viddh
260 _bRadhakrishna Prakashan
_c2025
942 _cTEXL
999 _c1679962
_d1679962